[Event "Ulan-Ude Baikal op 13th"]
[Site "Ulan-Ude"]
[Date "2017.07.20"]
[Round "5"]
[White "Taroev, Valeriy"]
[Black "Ochirbat, Lkhagvajamts"]
[Result "1/2-1/2"]
[WhiteElo "1880"]
[BlackElo "1830"]
[PlyCount "60"]
[EventDate "2017.07.18"]
[EventType "swiss"]
[EventRounds "9"]
[EventCountry "RUS"]
[SourceTitle "EXT 2018"]
[Source "ChessBase"]
[SourceDate "2017.10.13"]
[SourceVersion "1"]
[SourceVersionDate "2017.10.13"]
[SourceQuality "1"]

1. e4 e6 2. d4 d5 3. e5 c5 4. c3 Qb6 5. Nf3 Nc6 6. a3 Nh6 7. b4 cxd4 8. cxd4 Nf5 9. Bb2 Bd7 10. g4 Nfe7 11. Nc3 Ng6 12. Na4 Qd8 13. Nc5 Bxc5 14. bxc5 f6 15. Bd3 Nf4 16. Bc1 Nxd3+ 17. Qxd3 0-0 18. Bf4 fxe5 19. Bxe5 Qa5+ 20. Nd2 Nxe5 21. dxe5 Qxc5 22. Qe3 d4 23. Qg3 Bc6 24. 0-0 Qc3 25. Rfd1 Ba4 26. Ne4 Qxg3+ 27. hxg3 Bxd1 28. Rxd1 Rfd8 29. Nd6 Rd7 30. Rxd4 Rc8 1/2-1/2

[Event "Ulan-Ude Bajkal op 10th"]
[Site "Ulan-Ude"]
[Date "2014.08.10"]
[Round "5"]
[White "Taroev, Valeriy"]
[Black "Arbynova, Agniya"]
[Result "1-0"]
[WhiteElo "1941"]
[BlackElo "1756"]
[PlyCount "43"]
[EventDate "2014.07.07"]
[EventType "swiss"]
[EventRounds "9"]
[EventCountry "RUS"]
[SourceTitle "CBM 161 Extra"]
[Source "ChessBase"]
[SourceDate "2014.08.29"]
[SourceVersion "1"]
[SourceVersionDate "2014.08.29"]
[SourceQuality "1"]

1. e4 c5 2. c3 d5 3. exd5 Qxd5 4. d4 e6 5. Nf3 Nc6 6. Na3 Qd8 7. Be3 cxd4 8. Nxd4 Nxd4 9. Bxd4 Nf6 10. Bb5+ Bd7 11. Qa4 Bxa3 12. Bxd7+ Qxd7 13. Qxa3 Qe7 14. Bc5 Qc7 15. 0-0 Ne4 16. Be3 Nd6 17. Bf4 Rd8 18. Rad1 Ke7 19. Qxa7 Rd7 20. Rxd6 Rxd6 21. Bxd6+ Kxd6 22. Qd4+ 1-0

[Event "Ulan-Ude Bajkal op 10th"]
[Site "Ulan-Ude"]
[Date "2014.08.09"]
[Round "3"]
[White "Baterdene, Tsogbayar"]
[Black "Taroev, Valeriy"]
[Result "1-0"]
[WhiteElo "1923"]
[BlackElo "1941"]
[PlyCount "69"]
[EventDate "2014.07.07"]
[EventType "swiss"]
[EventRounds "9"]
[EventCountry "RUS"]
[SourceTitle "CBM 161 Extra"]
[Source "ChessBase"]
[SourceDate "2014.08.29"]
[SourceVersion "1"]
[SourceVersionDate "2014.08.29"]
[SourceQuality "1"]

1. e4 e6 2. d4 d5 3. Nd2 Be7 4. Ngf3 Nf6 5. e5 Ne4 6. Bd3 Nxd2 7. Bxd2 c5 8. c3 Nc6 9. 0-0 Qb6 10. Bc1 cxd4 11. cxd4 Bd7 12. Kh1 a5 13. a3 Nxd4 14. Be3 Bc5 15. b4 axb4 16. axb4 Rxa1 17. Qxa1 Qxb4 18. Bxd4 Bxd4 19. Qxd4 Qxd4 20. Nxd4 Bc6 21. Bb5 Kd7 22. Rc1 Bxb5 23. Nxb5 Rc8 24. Rxc8 Kxc8 25. Kg1 Kd7 26. Nd4 Kc7 27. Kf1 Kb6 28. Ke2 Kc5 29. Kd3 b5 30. h4 b4 31. h5 h6 32. f4 Kb6 33. g4 Ka5 34. f5 Ka4 35. g5 1-0

[Event "Ulan-Ude Bajkal op 9th"]
[Site "Ulan-Ude"]
[Date "2013.07.05"]
[Round "6"]
[White "Baldarov, Aur"]
[Black "Taroev, Valeriy"]
[Result "0-1"]
[WhiteElo "1839"]
[BlackElo "1979"]
[PlyCount "164"]
[EventDate "2013.07.01"]
[EventType "swiss"]
[EventRounds "9"]
[EventCountry "RUS"]
[SourceTitle "EXT 2014"]
[Source "ChessBase"]
[SourceDate "2013.11.20"]
[SourceVersion "1"]
[SourceVersionDate "2013.11.20"]
[SourceQuality "1"]

1. Nf3 e6 2. d4 Nf6 3. g3 d5 4. Bg2 c6 5. 0-0 Bd6 6. c4 dxc4 7. Nfd2 Bc7 8. Nxc4 b5 9. Ne5 Bxe5 10. dxe5 Qxd1 11. Rxd1 Nd5 12. Nc3 Bb7 13. Ne4 Ke7 14. Nd6 Ba6 15. e4 Nb6 16. Bg5+ f6 17. Be3 N8d7 18. exf6+ gxf6 19. e5 Nd5 20. Ne4 Nxe3 21. exf6+ Nxf6 22. fxe3 Nxe4 23. Bxe4 Rac8 24. Rd2 Rc7 25. Rad1 Bb7 26. Rf1 c5 27. Bb1 Bd5 28. Rdf2 Kd6 29. Rf7 Rxf7 30. Rxf7 a5 31. b3 h6 32. Ra7 Ra8 33. Rxa8 Bxa8 34. Bd3 Bc6 35. Kf2 Kd5 36. a3 c4 37. bxc4+ bxc4 38. Bc2 Ke5 39. Ke2 Be4 40. Ba4 c3 41. Bb3 Kf5 42. g4+ Kxg4 43. Bxe6+ Kg5 44. Bh3 h5 45. Be6 h4 46. h3 Kf6 47. Bg4 Ke5 48. Bc8 Kd6 49. Bg4 Kc5 50. Be6 Bb1 51. Kd1 Kd6 52. Bg4 Bd3 53. Kc1 Kd5 54. Bf3+ Kc4 55. Bc6 Bf5 56. Bg2 Kb3 57. e4 Be6 58. a4 Kxa4 59. Kc2 Kb4 60. Kc1 Kc4 61. Kc2 Kd4 62. Bf1 a4 63. Bg2 a3 64. Kb1 Kd3 65. e5 Kd2 66. Be4 Bxh3 67. Ka2 c2 68. Bxc2 Kxc2 69. Kxa3 Bg4 70. e6 Bxe6 71. Kb4 h3 72. Kc5 h2 73. Kd6 Bg4 74. Ke5 h1Q 75. Kf4 Qf3+ 76. Kg5 Qf5+ 77. Kh4 Bf3 78. Kg3 Be2 79. Kg2 Kd2 80. Kg3 Ke3 81. Kg2 Qg4+ 82. Kh2 Kf2 0-1

[Event "Ulan-Ude Bajkal op 9th"]
[Site "Ulan-Ude"]
[Date "2013.07.03"]
[Round "3"]
[White "Andreev, Afrikan"]
[Black "Taroev, Valeriy"]
[Result "1-0"]
[WhiteElo "2219"]
[BlackElo "1979"]
[PlyCount "87"]
[EventDate "2013.07.01"]
[EventType "swiss"]
[EventRounds "9"]
[EventCountry "RUS"]
[SourceTitle "EXT 2014"]
[Source "ChessBase"]
[SourceDate "2013.11.20"]
[SourceVersion "1"]
[SourceVersionDate "2013.11.20"]
[SourceQuality "1"]

1. d4 e6 2. e4 d5 3. Nc3 Nf6 4. e5 Nfd7 5. Nf3 c5 6. dxc5 Bxc5 7. Bd3 Nc6 8. Bf4 Be7 9. h4 Nc5 10. h5 Nxd3+ 11. Qxd3 h6 12. 0-0-0 a6 13. Rh3 Bd7 14. Rg3 Kf8 15. Qe2 b5 16. Nd4 Nxd4 17. Rxd4 Bh4 18. Rgd3 Ra7 19. Bh2 Rc7 20. Nxd5 exd5 21. e6 Bxe6 22. Bxc7 Qxc7 23. Rxh4 Kg8 24. Rc3 Qd6 25. Rd4 Qd7 26. Qe5 Kh7 27. Qc7 Rd8 28. Qxd7 Rxd7 29. b4 Rd6 30. Rc5 g6 31. hxg6+ fxg6 32. a4 bxa4 33. c4 a3 34. cxd5 h5 35. Ra5 Bd7 36. Rxa3 Bb5 37. Kd2 Kg7 38. g3 g5 39. Ke3 Kf6 40. Ke4 Bd7 41. Rf3+ Kg6 42. Ke5 Rb6 43. d6 Rb5+ 44. Rd5 1-0

[Event "Ulan-Ude op"]
[Site "Ulan-Ude"]
[Date "2012.07.29"]
[Round "8"]
[White "Enkhtuul, Altanulzii"]
[Black "Taroev, Valeriy"]
[Result "1-0"]
[WhiteElo "2108"]
[BlackElo "2008"]
[PlyCount "91"]
[EventDate "2012.07.24"]
[EventType "swiss"]
[EventRounds "9"]
[EventCountry "RUS"]
[SourceTitle "EXT 2013"]
[Source "ChessBase"]
[SourceDate "2012.11.22"]
[SourceVersion "1"]
[SourceVersionDate "2012.11.22"]
[SourceQuality "1"]

1. d4 Nf6 2. Nf3 d5 3. c4 e6 4. g3 c5 5. Bg2 Nc6 6. 0-0 dxc4 7. Qa4 Bd7 8. Qxc4 b5 9. Qd3 c4 10. Qd1 Be7 11. a4 b4 12. Ne5 Nxe5 13. dxe5 Nd5 14. e4 Nb6 15. a5 Nc8 16. f4 Bc5+ 17. Kh1 h5 18. h4 Bb5 19. Qc2 Qd4 20. f5 c3 21. bxc3 bxc3 22. Rd1 Qf2 23. Qxf2 Bxf2 24. Nxc3 a6 25. Kh2 0-0 26. Nxb5 axb5 27. Ba3 Re8 28. Rd2 Be3 29. Rd3 Bf2 30. Rf1 Ba7 31. Rd7 Bb8 32. fxe6 fxe6 33. Bd6 Ra7 34. Rff7 Rxd7 35. Rxd7 Ba7 36. Bf1 Nxd6 37. exd6 Bd4 38. Bxb5 Rb8 39. Bc4 Rb2+ 40. Kh3 Bg1 41. Bxe6+ Kh7 42. Bf5+ Kh6 43. g4 hxg4+ 44. Kxg4 Rg2+ 45. Kf3 Rf2+ 46. Kg3 1-0

[Event "Ulan-Ude op"]
[Site "Ulan-Ude"]
[Date "2012.07.26"]
[Round "3"]
[White "Taroev, Valeriy"]
[Black "Dondukov, Sengdorji"]
[Result "0-1"]
[WhiteElo "2008"]
[BlackElo "2359"]
[PlyCount "30"]
[EventDate "2012.07.24"]
[EventType "swiss"]
[EventRounds "9"]
[EventCountry "RUS"]
[SourceTitle "EXT 2013"]
[Source "ChessBase"]
[SourceDate "2012.11.22"]
[SourceVersion "1"]
[SourceVersionDate "2012.11.22"]
[SourceQuality "1"]

1. e4 d5 2. exd5 Nf6 3. d4 Bg4 4. Nf3 Qxd5 5. Be2 Nc6 6. 0-0 0-0-0 7. Be3 Qh5 8. h3 e5 9. Nc3 exd4 10. hxg4 Nxg4 11. Nh4 Nce5 12. Nb5 Qxh4 13. Bf4 Bc5 14. b4 Bb6 15. Bg3 Qxg3 0-1